Kadın (Record no. 4251)

MARC details
000 -BAŞLIK
Sabit Uzunlukta Kontrol Alanı 01002na a2200301 4500
001 - KONTROL NUMARASI
Denetim Alanı 17124
003 - KONTROL NUMARASI IDENTIFIER
Denetim Alanı MIRAKIL
005 - SON İŞLEM TARİHİ VE ZAMANI
Denetim Alanı 20181213154958.0
008 - SABİT-BOY VERİ ELEMANLARI - GENEL BİLGİLER
Sabit Uzunlukta Kontrol Alanı 161024b tu 000 0
040 ## - KATALOGLAMA KAYNAK
Orijinal Kataloglama Ajansı Milas
Kataloglama Dili tur
Metne Dönüştürmek Ajansı TR-AnCHP
041 ## - DİL KODU
Metin / Ses Parça Veya Ayrı Başlığın Dil Kodu tur
082 ## - DEWEY ONLU SINIFLANDIRMA NUMARASI
Sınıflandırma Numarası CHP 305.4
Ürün Numarası K25 2004
090 ## - SINIFLAMA NUMARASI
Sınıflama Numarası CHP 305.4 K25 2004
240 ## - ÜNİFORM BAŞLIK
Üniforma Başlık <a href="Türkiye'de kadın gerçeği">Türkiye'de kadın gerçeği</a>
245 ## - BAŞLIK TABLOSU
Başlık Kadın
Başlığın Kalan 2004
Sorumluluk Tablosu, Vb CHP Bilim Yönetim Kültür Platformu
260 ## - YAYIN, DAĞITIM, VB
Yayın, Dağıtım, Vb Yeri Ankara
Yayıncı, Dağıtıcı, Vs Adı CHP Bilim Yönetim Kültür Platformu yayınları
Yayın, Dağıtım, Vb Tarihi 2004
300 ## - FİZİKSEL TANIM
Kapsam 24 s.
Diğer Fiziksel Ayrıntıları tbl.
Boyutlar 28 sm.
490 ## - SERİSİ TABLOSU
Seri Beyanı Cumhuriyet Halk Partisi Merkez Yönetim Kurulu yayınları
500 ## - GENEL NOT
Genel Not Dış kapak adı: Türkiye'de kadın gerçeği
610 ## - KONU KATMA GİRİŞ - TOPLANTI ADI
Giriş Elemanı Olarak Kurumsal Ad Veya Yargı Alanı Adı CHP
Genel Alt Bölüm Kadın
Kronolojik Alt Bölüm Raporlar, 2004
650 ## - KONU KATMA GİRİŞ - TOPİKAL DÖNEM
Topikal Süreli Veya Coğrafi Ad Giriş Elemanı Kadınlar
Genel Alt Bölümü Sosyal durum
Coğrafi Alt Bölümü Türkiye
651 ## - KONU KATMA GİRİŞ - COĞRAFİ ADI
Coğrafi İsim Türkiye
710 ## - KATMA GİRİŞ - KURUMSAL ADI
Giriş Elemanı Olarak Kurumsal Ad Veya Yargı Alanı Adı Cumhuriyet Halk Partisi
Alt Birim Bilim Yönetim Kültür Platformu
740 ## - KATMA GİRİŞ - KONTROLSUZ İLGİLİ / ANALİTİK BAŞLIK
Kontrol Edilmeyen / İlgili Analitik Başlıktaki Türkiye'de kadın gerçeği
830 ## - SERİSİ EKLENDİ GİRİŞ - ÜNİFORM ADI
Üniforma Başlık CHP yayınları
942 ## - EKLENDİ GİRİŞ ELEMANLARI (KOHA)
Sınıflandırma Veya Raf Düzeni Kaynak
Koha Öğesi Türü Books
999 ## - SİSTEM KONTROL NUMARALARI (KOHA)
Koha Biblionumber 4251
Koha Biblioitemnumber 4251
657 ## - INDEX SÜRE - İŞLEVİ
-- Kadın ve sorunları
Holdings
Kalıcı Konum Mevcut Konum Edinme Tarihi Edinim Kaynak Toplam Check-Out'Lar Tam Çağrı Numarası Barkod Tarih Son Görülme İtibaren Geçerli Fiyatlar Koha Öğesi Türü Kopya Sayısı
CHP Kütüphanesi CHP Kütüphanesi 10/22/2016 Bağış   CHP 305.4 K25 2004 007049 10/22/2016 10/22/2016 Books  
CHP Kütüphanesi CHP Kütüphanesi 10/22/2016 Bağış   CHP 305.4 K25 2004 007050 10/22/2016 10/22/2016 Books k.2
CHP Kütüphanesi CHP Kütüphanesi 10/22/2016 Bağış   CHP 305.4 K25 2004 007051 10/22/2016 10/22/2016 Books k.3